00851nam a22002417a 4500999001700000003000900017008004100026040007100067082001500138100001900153245003200172260003100204300002800235440003000263505008800293650001900381650002400400650002200424700003200446942001600478945002000494952009500514 c16284d16284AR-CdUCM190502b ||||| |||| 00| 0 spa d aMUNICIPALIDAD PROVINCIAL DEL CUSCOcBIBLIOTECA MUNICIPAL DEL CUSCO a121 /bW46 aWentscher, Max aTeoría del conocimiento / aBarcelona :bLabor,c1927. a192 páginas ;c20 cm. aColección labor 935636 aContenido : Percepción y experiencia -- Teoría y critica del conocimiento ...  aTeoría95077 aPercepción935637 aExperiencia96649 aLanda y Vaz, Rubén935638 2ddccLIBROS arahd02/05/2019 002ddc4070aSHbSHcCARTd2019-05-02g20.00o121 / W46pSH0000011308r2019-05-02yLIBROS